000 01340 a2200325 4500
005 20250205103311.0
020 _a9781351025362
020 _a1351025368
020 _a9781351025386
020 _a1351025384
020 _a9780367727871
050 0 0 _aK 3240
_bHUM 2019
245 0 0 _aHuman rights, digital society and the law :
_ba research companion /
_cedited by Mart Susi.
264 1 _aLondon ;
_aNew York, NY :
_bRoutledge/Taylor & Francis Group,
_c2019.
300 _a1 online resource
336 _atext
_btxt
_2rdacontent
337 _acomputer
_bc
_2rdamedia
338 _aonline resource
_bcr
_2rdacarrier
504 _aIncludes bibliographical references and index.
505 0 _aRight to the Internet and rights inside the Internet : theoretical dimension -- Legislation, judicial and stakeholder practices : practical dimension -- Specific issues related to human rights and the Internet -- Data protection issues -- Global perspective.
650 0 _aRight to Internet access.
650 0 _aHuman rights.
650 0 _aInternet
_xAccess control
_xLaw and legislation.
650 0 _aData protection
_xLaw and legislation.
650 0 _aInternet
_xPolitical aspects.
650 0 _aFreedom of information.
700 1 _aSusi, Mart,
_d1965-
_eeditor.
942 _2lcc
_cBK
_h3240
_iHUM
_kK
999 _c11445
_d11445